[Event "GBR-ch107 U10"]
[Site "Milton Keynes"]
[Date "2021.10.02"]
[Round "4.1"]
[White "Bryant, Harry"]
[Black "Hanache, Kai"]
[Result "0-1"]
[WhiteElo "1225"]
[BlackElo "1547"]
[PlyCount "104"]
[EventDate "2021.10.02"]
[EventType "swiss"]
[EventRounds "7"]
[EventCountry "GBR"]
[SourceTitle "BritBase"]
[Source "John Saunders"]
[SourceDate "2021.06.05"]
[SourceVersion "1"]
[SourceVersionDate "2021.06.05"]
[SourceQuality "1"]

1. e4 c6 2. d4 d5 3. e5 c5 4. c3 Nc6 5. Nf3 Bg4 6. Bd3 Bxf3 7. gxf3 cxd4 8.
cxd4 Nxd4 9. Be3 Nc6 10. Qa4 e6 11. Nd2 Nge7 12. Rc1 a6 13. Bc5 b5 14. Qf4 Rc8
15. Bd6 g6 16. Qf6 Rg8 17. Nb3 Bg7 18. Qf4 h5 19. Nc5 Qa5+ 20. Kf1 Rh8 21. Bxe7
Nxe7 22. Nb7 Rxc1+ 23. Qxc1 Qb6 24. Nd6+ Kd7 25. Nxf7 Rf8 26. Ng5 Bxe5 27. Qc2
Rc8 28. Qe2 Qd4 29. Nf7 Bf6 30. Kg2 Rf8 31. Nh6 Bg5 32. Rd1 Qb6 33. a4 Bxh6 34.
axb5 a5 35. Re1 Nf5 36. Bxf5 Rxf5 37. Qd3 Bf4 38. Qc3 Rg5+ 39. Kf1 Qxb5+ 40.
Re2 Re5 41. Qc2 Qxe2+ 42. Qxe2 Rxe2 43. Kxe2 Bxh2 44. Kd3 Be5 45. Ke3 Bxb2 46.
f4 a4 47. Kf3 a3 48. Kg3 a2 49. f5 a1=Q 50. f6 Qg1+ 51. Kh3 Be5 52. Kh4 Qg4#
0-1

[Event "GBR-ch107 U10"]
[Site "Milton Keynes"]
[Date "2021.10.02"]
[Round "4.2"]
[White "Zhu, Pengxiao"]
[Black "Murawski, Jan"]
[Result "1/2-1/2"]
[WhiteElo "1375"]
[BlackElo "1108"]
[PlyCount "136"]
[EventDate "2021.10.02"]
[EventType "swiss"]
[EventRounds "7"]
[EventCountry "GBR"]
[SourceTitle "BritBase"]
[Source "John Saunders"]
[SourceDate "2021.06.05"]
[SourceVersion "1"]
[SourceVersionDate "2021.06.05"]
[SourceQuality "1"]

1. d4 Nf6 2. c4 e6 3. Nc3 d5 4. Nf3 Be7 5. Bf4 O-O 6. e3 b6 7. cxd5 exd5 8. Rc1
Be6 9. Bd3 Nbd7 10. Nb5 c5 11. dxc5 Nxc5 12. O-O Bg4 13. Nbd4 Nfe4 14. Qc2 Rc8
15. Ne5 Be6 16. b4 Nxd3 17. Qxd3 Bf6 18. Nec6 Qd7 19. b5 Bf5 20. Nxf5 Qxf5 21.
f3 Nd6 22. Qxf5 Nxf5 23. e4 dxe4 24. fxe4 Nd4 25. Nxd4 Bxd4+ 26. Kh1 h6 27.
Rcd1 Rfd8 28. Rd3 g5 29. Bg3 Bg7 30. Rxd8+ Rxd8 31. h3 Rd2 32. Rf2 Rd1+ 33. Kh2
Bd4 34. Rf3 Bg1+ 35. Kh1 Bf2+ 36. Kh2 Bxg3+ 37. Kxg3 Rb1 38. Ra3 Rxb5 39. Rxa7
Ra5 40. Rxa5 bxa5 41. Kf3 Kf8 42. Ke3 Ke7 43. Kd4 Kd6 44. a4 h5 45. g4 hxg4 46.
hxg4 f6 47. Kc4 Kc6 48. Kd4 Kd6 49. Kc4 Ke5 50. Kb5 Kf4 51. Kxa5 Kxg4 52. Kb6
Kf4 53. a5 g4 54. a6 g3 55. a7 g2 56. a8=Q g1=Q+ 57. Kb5 Qb1+ 58. Kc5 Qc1+ 59.
Kd6 Qc3 60. Ke6 Qe5+ 61. Kf7 Qc7+ 62. Kxf6 Qd6+ 63. Kf7 Qc7+ 64. Kf6 Qe5+ 65.
Kf7 Qh5+ 66. Ke7 Qh7+ 67. Ke6 Qxe4+ 68. Qxe4+ Kxe4 1/2-1/2

[Event "GBR-ch107 U10"]
[Site "Milton Keynes"]
[Date "2021.10.02"]
[Round "4.3"]
[White "Kataria, Dhairya"]
[Black "Steiners, Emils"]
[Result "0-1"]
[WhiteElo "869"]
[BlackElo "1427"]
[PlyCount "86"]
[EventDate "2021.10.02"]
[EventType "swiss"]
[EventRounds "7"]
[EventCountry "GBR"]
[SourceTitle "BritBase"]
[Source "John Saunders"]
[SourceDate "2021.06.05"]
[SourceVersion "1"]
[SourceVersionDate "2021.06.05"]
[SourceQuality "1"]

1. e4 e6 2. d4 d5 3. e5 c5 4. c3 Nc6 5. Nf3 Qb6 6. Bd3 Bd7 7. O-O cxd4 8. cxd4
Nxd4 9. Nxd4 Qxd4 10. Nc3 a6 11. Re1 Qb6 12. Qc2 Bc5 13. Re2 Rc8 14. Bd2 h6 15.
Rc1 Ne7 16. a3 Qa7 17. Rf1 b5 18. Kh1 h5 19. f4 g6 20. Rf3 b4 21. axb4 Bxb4 22.
Qb3 a5 23. Be3 d4 24. Nd1 dxe3 25. Nxe3 Rc1+ 26. Rf1 Rxf1+ 27. Nxf1 O-O 28. Ng3
Rc8 29. Qd1 Qc7 30. Rc2 Bc6 31. Nxh5 gxh5 32. Qxh5 Nf5 33. Bxf5 exf5 34. Qg5+
Kf8 35. Qh6+ Ke8 36. Rc1 Bxg2+ 37. Kxg2 Qxc1 38. Qh8+ Bf8 39. Qf6 Rc2+ 40. Kg3
Qe3+ 41. Kh4 Qxf4+ 42. Kh5 Rxh2+ 43. Qh4 Rxh4# 0-1

[Event "GBR-ch107 U10"]
[Site "Milton Keynes"]
[Date "2021.10.02"]
[Round "4.4"]
[White "Ward, Cian"]
[Black "Rida, Ruqayyah"]
[Result "1/2-1/2"]
[WhiteElo "1375"]
[BlackElo "1261"]
[PlyCount "155"]
[EventDate "2021.10.02"]
[EventType "swiss"]
[EventRounds "7"]
[EventCountry "GBR"]
[SourceTitle "BritBase"]
[Source "John Saunders"]
[SourceDate "2021.06.05"]
[SourceVersion "1"]
[SourceVersionDate "2021.06.05"]
[SourceQuality "1"]

1. e4 e5 2. Nf3 Nc6 3. d4 exd4 4. Nxd4 Nf6 5. Nc3 d6 6. Bc4 Be7 7. O-O O-O 8.
Re1 Bd7 9. Nxc6 Bxc6 10. Qe2 Re8 11. Qf3 Bf8 12. Bg5 Be7 13. Bxf6 Bxf6 14. h3
Qd7 15. Rad1 Rad8 16. a3 a6 17. Kh1 Bxc3 18. bxc3 Re7 19. Bd5 Rde8 20. Bxc6
Qxc6 21. Rd4 Qc5 22. a4 f5 23. Rd5 fxe4 24. Rxc5 exf3 25. Rxe7 fxg2+ 26. Kxg2
Rxe7 27. Rc4 d5 28. Rd4 c6 29. Kf3 Re1 30. c4 Rc1 31. cxd5 cxd5 32. Rxd5 Rxc2
33. Rd7 Rc4 34. a5 Rc5 35. Rxb7 Rxa5 36. Ke4 Ra3 37. f3 h6 38. Rb8+ Kh7 39. Ra8
Kg6 40. f4 a5 41. f5+ Kf6 42. Ra6+ Kf7 43. Ra7+ Kg8 44. h4 a4 45. Ke5 Re3+ 46.
Kf4 Rh3 47. Kg4 Ra3 48. Ra8+ Kh7 49. Ra7 Kg8 50. Ra8+ Kf7 51. Ra7+ Kf6 52. Kf4
Ra1 53. Ra6+ Kf7 54. Ra7+ Kg8 55. Ra8+ Kh7 56. Ke5 a3 57. Ke6 a2 58. Kf7 Rf1
59. Rxa2 Rxf5+ 60. Ke6 Rf4 61. h5 Rh4 62. Ra5 Rh1 63. Kf7 Rg1 64. Ke6 Rg5 65.
Rxg5 hxg5 66. Kf5 Kh6 67. Kg4 g6 68. hxg6 Kxg6 69. Kg3 Kf5 70. Kf3 g4+ 71. Kg3
Kg5 72. Kg2 Kf4 73. Kf2 g3+ 74. Kg2 Kg4 75. Kg1 Kf3 76. Kf1 g2+ 77. Kg1 Ke2 78.
Kxg2 1/2-1/2

[Event "GBR-ch107 U10"]
[Site "Milton Keynes"]
[Date "2021.10.02"]
[Round "4.5"]
[White "Liu, Jacob"]
[Black "Ashton, Alannah"]
[Result "0-1"]
[WhiteElo "1355"]
[BlackElo "1280"]
[PlyCount "54"]
[EventDate "2021.10.02"]
[EventType "swiss"]
[EventRounds "7"]
[EventCountry "GBR"]
[SourceTitle "BritBase"]
[Source "John Saunders"]
[SourceDate "2021.06.05"]
[SourceVersion "1"]
[SourceVersionDate "2021.06.05"]
[SourceQuality "1"]

1. e4 c5 2. Nf3 d6 3. d4 cxd4 4. Nxd4 Nf6 5. Nc3 g6 6. f4 Nc6 7. Nxc6 bxc6 8.
Be2 Bg7 9. O-O Nd7 10. Bd2 O-O 11. Kh1 Rb8 12. b3 Nc5 13. Bd3 Qb6 14. Qe1 Nxd3
15. cxd3 Ba6 16. Be3 Qb4 17. Bd2 Qd4 18. Rc1 Bxd3 19. Ne2 Qxe4 20. Rf2 Bf6 21.
Ng3 Qxe1+ 22. Bxe1 Bb5 23. a4 Bd3 24. Rxc6 Rxb3 25. Rf3 Rb1 26. Re3 Rfb8 27.
Kg1 Bd4 0-1

[Event "GBR-ch107 U10"]
[Site "Milton Keynes"]
[Date "2021.10.02"]
[Round "4.6"]
[White "Das, Rishabh"]
[Black "Hariharan, Shambavi"]
[Result "0-1"]
[WhiteElo "1370"]
[BlackElo "858"]
[PlyCount "72"]
[EventDate "2021.10.02"]
[EventType "swiss"]
[EventRounds "7"]
[EventCountry "GBR"]
[SourceTitle "BritBase"]
[Source "John Saunders"]
[SourceDate "2021.06.05"]
[SourceVersion "1"]
[SourceVersionDate "2021.06.05"]
[SourceQuality "1"]

1. e4 c6 2. d4 d5 3. e5 c5 4. c3 Nc6 5. Nf3 Bg4 6. Bg5 cxd4 7. cxd4 Bxf3 8.
gxf3 Qb6 9. Nc3 Qxd4 10. Qe2 Qxe5 11. Qxe5 Nxe5 12. Be2 e6 13. Rg1 Be7 14. Bf4
Ng6 15. Bb5+ Kf8 16. Bg3 a6 17. Bd3 f5 18. f4 Nf6 19. Ne2 Bd6 20. Nd4 Kf7 21.
Ne2 Nh5 22. O-O-O Nhxf4 23. Bxf4 Nxf4 24. Nxf4 Bxf4+ 25. Kb1 Bxh2 26. Rg2 Bf4
27. Re1 g5 28. Bc2 h5 29. Ba4 b5 30. Bc2 h4 31. f3 h3 32. Rgg1 Kf6 33. Rd1 Rad8
34. Rd3 d4 35. Ra3 Rd6 36. Bd3 Rc8 0-1

[Event "GBR-ch107 U10"]
[Site "Milton Keynes"]
[Date "2021.10.02"]
[Round "4.7"]
[White "Soulier, Alfred"]
[Black "Gushchin, Arseniy"]
[Result "1-0"]
[WhiteElo "1350"]
[BlackElo "1278"]
[PlyCount "57"]
[EventDate "2021.10.02"]
[EventType "swiss"]
[EventRounds "7"]
[EventCountry "GBR"]
[SourceTitle "BritBase"]
[Source "John Saunders"]
[SourceDate "2021.06.05"]
[SourceVersion "1"]
[SourceVersionDate "2021.06.05"]
[SourceQuality "1"]

1. e4 e5 2. Nf3 Nc6 3. Bc4 Nf6 4. Ng5 Nxe4 5. Bxf7+ Ke7 6. d4 h6 7. Nxe4 Kxf7
8. d5 Ne7 9. d6 Ng6 10. Qh5 Bxd6 11. Qf5+ Kg8 12. Qxg6 b6 13. Nxd6 cxd6 14.
Qxd6 Ba6 15. Nc3 Kh7 16. Be3 Qe8 17. O-O-O Rd8 18. Rhe1 Rf8 19. Bd4 Qh5 20.
Qxe5 Qg4 21. Qe4+ Qxe4 22. Rxe4 Bb7 23. Re7 Rg8 24. f3 Bc6 25. Ne4 Rde8 26.
Nf6+ Kh8 27. Rxe8 Rxe8 28. Nxe8 d5 29. Nxg7 1-0

[Event "GBR-ch107 U10"]
[Site "Milton Keynes"]
[Date "2021.10.02"]
[Round "4.8"]
[White "Catabay, Rezin C"]
[Black "Grose, Kameron"]
[Result "0-1"]
[WhiteElo "1353"]
[BlackElo "1724"]
[PlyCount "88"]
[EventDate "2021.10.02"]
[EventType "swiss"]
[EventRounds "7"]
[EventCountry "GBR"]
[SourceTitle "BritBase"]
[Source "John Saunders"]
[SourceDate "2021.06.05"]
[SourceVersion "1"]
[SourceVersionDate "2021.06.05"]
[SourceQuality "1"]

1. e4 c5 2. Nf3 d6 3. d4 cxd4 4. Nxd4 Nf6 5. Nc3 a6 6. f3 e6 7. Be3 b5 8. Nb3
Bb7 9. Qd2 Be7 10. O-O-O Nbd7 11. g4 b4 12. Ne2 d5 13. g5 Nh5 14. Bg2 a5 15.
Nf4 Nxf4 16. Bxf4 a4 17. Nd4 O-O 18. Be3 Nc5 19. exd5 Bxd5 20. Kb1 Rb8 21. h4
b3 22. a3 bxc2+ 23. Nxc2 Nb3 24. Qd3 Qc7 25. h5 Rfd8 26. Qe2 Bc4 27. Qf2 Rxd1+
28. Rxd1 Rd8 29. Rxd8+ Qxd8 30. Qe1 Bxg5 31. f4 Be7 32. Bf3 Qc7 33. Qc3 Bf6 34.
Nd4 Bxd4 35. Bxd4 Bd3+ 36. Ka2 Qxc3 37. Bxc3 Bc2 38. Bc6 Nc1+ 39. Ka1 Ne2 40.
Bd2 Nd4 41. Ka2 Nb3 42. Bc3 Nc1+ 43. Ka1 Nb3+ 44. Ka2 Nc1+ 0-1

[Event "GBR-ch107 U10"]
[Site "Milton Keynes"]
[Date "2021.10.02"]
[Round "4.10"]
[White "Pitts, Daniel"]
[Black "Yu, Rock"]
[Result "0-1"]
[WhiteElo "1338"]
[BlackElo "1428"]
[PlyCount "64"]
[EventDate "2021.10.02"]
[EventType "swiss"]
[EventRounds "7"]
[EventCountry "GBR"]
[SourceTitle "BritBase"]
[Source "John Saunders"]
[SourceDate "2021.06.05"]
[SourceVersion "1"]
[SourceVersionDate "2021.06.05"]
[SourceQuality "1"]

1. e4 Nf6 2. Nc3 d5 3. exd5 Nxd5 4. Bc4 Nb6 5. Bb3 g6 6. Nf3 Bg7 7. O-O Nc6 8.
Re1 Bg4 9. h3 Bxf3 10. Qxf3 O-O 11. Nd5 Nxd5 12. Bxd5 Nd4 13. Qe4 c6 14. Bb3 e5
15. c3 Nxb3 16. axb3 f5 17. Qc4+ Qd5 18. Qxd5+ cxd5 19. Ra5 Rfd8 20. Rb5 b6 21.
Rb4 e4 22. Re3 Rac8 23. f3 d4 24. Re2 Re8 25. fxe4 fxe4 26. Re1 Rcd8 27. Rc4
Rd7 28. b4 Be5 29. d3 exd3 30. Rxd4 Bxd4+ 31. Kf1 Rf7+ 32. Bf4 Rxf4# 0-1

[Event "GBR-ch107 U10"]
[Site "Milton Keynes"]
[Date "2021.10.02"]
[Round "4.11"]
[White "Shi, Shaoquan"]
[Black "Wang, Luoke"]
[Result "0-1"]
[WhiteElo "1050"]
[BlackElo "910"]
[PlyCount "72"]
[EventDate "2021.10.02"]
[EventType "swiss"]
[EventRounds "7"]
[EventCountry "GBR"]
[SourceTitle "BritBase"]
[Source "John Saunders"]
[SourceDate "2021.06.05"]
[SourceVersion "1"]
[SourceVersionDate "2021.06.05"]
[SourceQuality "1"]

1. d4 Nf6 2. c4 g6 3. Nc3 Bg7 4. e4 d6 5. Nf3 O-O 6. Be2 e5 7. d5 a5 8. h3 Na6
9. Be3 b6 10. a3 Nc5 11. Qc1 Ncxe4 12. Nxe4 Nxe4 13. Bh6 f5 14. Bxg7 Kxg7 15.
h4 Nc5 16. h5 Nb3 17. h6+ Kg8 18. Qd1 Nxa1 19. Qxa1 Qf6 20. Qc1 f4 21. Nd2 Bf5
22. Bf3 Bd3 23. Ne4 Qf5 24. Nc3 e4 25. Be2 Rae8 26. Qd1 Bxe2 27. Nxe2 f3 28.
Qd4 Qe5 29. Qxe5 Rxe5 30. Nc3 fxg2 31. Rg1 e3 32. fxe3 Rxe3+ 33. Kd2 Rg3 34.
Ne4 Rf1 35. Nxg3 Rxg1 36. Ke2 Ra1 0-1

[Event "GBR-ch107 U10"]
[Site "Milton Keynes"]
[Date "2021.10.03"]
[Round "5.1"]
[White "Hanache, Kai"]
[Black "Murawski, Jan"]
[Result "0-1"]
[WhiteElo "1547"]
[BlackElo "1108"]
[PlyCount "116"]
[EventDate "2021.10.02"]
[EventType "swiss"]
[EventRounds "7"]
[EventCountry "GBR"]
[SourceTitle "BritBase"]
[Source "John Saunders"]
[SourceDate "2021.06.05"]
[SourceVersion "1"]
[SourceVersionDate "2021.06.05"]
[SourceQuality "1"]

1. e4 e5 2. Nf3 Nc6 3. Bc4 Bc5 4. c3 Nf6 5. d4 exd4 6. e5 d5 7. Bb5 Ne4 8. cxd4
Bb4+ 9. Bd2 Nxd2 10. Nbxd2 Bg4 11. Rc1 Bxf3 12. Qxf3 Qg5 13. Rc2 O-O 14. Bxc6
bxc6 15. a3 Bxd2+ 16. Rxd2 f6 17. h4 Qg6 18. O-O fxe5 19. Qh3 e4 20. Rc1 Qf6
21. Qg3 Rae8 22. Rc3 Re7 23. Re3 Qd6 24. Rc3 Qxg3 25. Rxg3 Kf7 26. Rc3 Re6 27.
Rdc2 Ke7 28. Rxc6 Rxc6 29. Rxc6 Kd7 30. Rc3 Rb8 31. b4 Rb6 32. Rc5 Kd6 33. Kh2
Ra6 34. Rc3 Rc6 35. Rxc6+ Kxc6 36. a4 Kb6 37. Kg3 c6 38. Kf4 a5 39. bxa5+ Kxa5
40. Ke5 Kxa4 41. Kd6 Kb5 42. g4 Kc4 43. Kxc6 Kxd4 44. Kd6 Kc4 45. g5 d4 46. h5
d3 47. g6 hxg6 48. hxg6 d2 49. Ke7 d1=Q 50. Kf7 Qd4 51. f3 Qf6+ 52. Kg8 Qxg6
53. Kh8 Qf6 54. fxe4 g5+ 55. Kh7 Kd4 56. e5 Kxe5 57. Kg8 Qe7 58. Kh8 Kf6 0-1

[Event "GBR-ch107 U10"]
[Site "Milton Keynes"]
[Date "2021.10.03"]
[Round "5.2"]
[White "Ashton, Alannah"]
[Black "Bryant, Harry"]
[Result "0-1"]
[WhiteElo "1280"]
[BlackElo "1225"]
[PlyCount "58"]
[EventDate "2021.10.02"]
[EventType "swiss"]
[EventRounds "7"]
[EventCountry "GBR"]
[SourceTitle "BritBase"]
[Source "John Saunders"]
[SourceDate "2021.06.05"]
[SourceVersion "1"]
[SourceVersionDate "2021.06.05"]
[SourceQuality "1"]

1. e4 c5 2. d4 cxd4 3. c3 Nf6 4. e5 Nd5 5. cxd4 e6 6. Nc3 Bb4 7. Bd2 Qa5 8.
Nxd5 Bxd2+ 9. Qxd2 Qxd5 10. f4 Nc6 11. Nf3 d6 12. Bd3 Bd7 13. Bc2 O-O 14. Qd3
g6 15. a3 Rac8 16. b4 Ne7 17. Kf2 Bb5 18. Qd2 Rc6 19. Rhe1 Qc4 20. Bb1 Rfc8 21.
a4 Qb3 22. Re3 Qc4 23. axb5 Qxb5 24. Bd3 Qb6 25. b5 Rc3 26. Ra2 Nd5 27. Rc2
Nxe3 28. Rxc3 Rxc3 29. Qxc3 Nd1+ 0-1

[Event "GBR-ch107 U10"]
[Site "Milton Keynes"]
[Date "2021.10.03"]
[Round "5.3"]
[White "Steiners, Emils"]
[Black "Ward, Cian"]
[Result "1-0"]
[WhiteElo "1427"]
[BlackElo "1375"]
[PlyCount "66"]
[EventDate "2021.10.02"]
[EventType "swiss"]
[EventRounds "7"]
[EventCountry "GBR"]
[SourceTitle "BritBase"]
[Source "John Saunders"]
[SourceDate "2021.06.05"]
[SourceVersion "1"]
[SourceVersionDate "2021.06.05"]
[SourceQuality "1"]

1. e4 e5 2. Nf3 Nc6 3. d4 exd4 4. c3 d5 5. exd5 Qxd5 6. cxd4 Bb4+ 7. Nc3 Bxc3+
8. bxc3 Bg4 9. Be2 Nf6 10. O-O O-O 11. h3 Bf5 12. c4 Qd6 13. Bd3 Bxd3 14. Qxd3
Rad8 15. Ba3 Nb4 16. Qb3 a5 17. Rab1 Nh5 18. Bxb4 axb4 19. Qxb4 Qg6 20. Qd2 Nf6
21. Rxb7 c6 22. Rbb1 Ne4 23. Qc2 f5 24. Rbd1 Ng5 25. Nxg5 Qxg5 26. Qe2 Rfe8 27.
Qf3 Re4 28. d5 cxd5 29. cxd5 Qf6 30. Qb3 Qd6 31. Rfe1 Rxe1+ 32. Rxe1 Qxd5 33.
Re8+ Rxe8 1-0

[Event "GBR-ch107 U10"]
[Site "Milton Keynes"]
[Date "2021.10.03"]
[Round "5.4"]
[White "Hariharan, Shambavi"]
[Black "Zhu, Pengxiao"]
[Result "1/2-1/2"]
[WhiteElo "858"]
[BlackElo "1375"]
[PlyCount "62"]
[EventDate "2021.10.02"]
[EventType "swiss"]
[EventRounds "7"]
[EventCountry "GBR"]
[SourceTitle "BritBase"]
[Source "John Saunders"]
[SourceDate "2021.06.05"]
[SourceVersion "1"]
[SourceVersionDate "2021.06.05"]
[SourceQuality "1"]

1. d4 d5 2. Bf4 Nf6 3. e3 c5 4. c3 Nc6 5. Nd2 Qb6 6. Qc2 g6 7. dxc5 Qxc5 8.
Ngf3 Bf5 9. Bd3 Bxd3 10. Qxd3 Bg7 11. O-O O-O 12. h3 Rfe8 13. Bh2 Rad8 14. Ne5
Nd7 15. Nxc6 bxc6 16. Rac1 e5 17. b4 Qe7 18. Nb3 e4 19. Qd2 Nb6 20. Nc5 Nc4 21.
Qc2 a5 22. Qa4 axb4 23. cxb4 Ra8 24. Qxc6 Red8 25. a4 Be5 26. Bxe5 Qxe5 27. Nd7
Qf5 28. Nb6 Nxb6 29. Qxb6 Rdb8 30. Qd6 Rd8 31. Qc6 Rdc8 1/2-1/2

[Event "GBR-ch107 U10"]
[Site "Milton Keynes"]
[Date "2021.10.03"]
[Round "5.5"]
[White "Rida, Ruqayyah"]
[Black "Soulier, Alfred"]
[Result "1/2-1/2"]
[WhiteElo "1261"]
[BlackElo "1350"]
[PlyCount "124"]
[EventDate "2021.10.02"]
[EventType "swiss"]
[EventRounds "7"]
[EventCountry "GBR"]
[SourceTitle "BritBase"]
[Source "John Saunders"]
[SourceDate "2021.06.05"]
[SourceVersion "1"]
[SourceVersionDate "2021.06.05"]
[SourceQuality "1"]

1. e4 c5 2. Nf3 d6 3. d4 cxd4 4. Nxd4 Nf6 5. Nc3 a6 6. f3 e6 7. Be3 b5 8. Qd2
Bb7 9. O-O-O Nbd7 10. Kb1 b4 11. Nce2 d5 12. exd5 Nxd5 13. Bf2 Rc8 14. Ng3 Qc7
15. Bd3 Nf4 16. Be3 Nxd3 17. Qxd3 Ne5 18. Qe2 Nc4 19. Bc1 Bd5 20. Rhe1 Qa5 21.
Nb3 Qb5 22. Qd3 Be7 23. Qd4 f6 24. Qg4 Kf7 25. Nd4 Qa5 26. Nb3 Qb5 27. Qd4 Bc5
28. Qg4 Be7 29. Qh5+ g6 30. Qg4 a5 31. Nd2 Nxd2+ 32. Rxd2 Qc4 33. Qxc4 Rxc4 34.
b3 Rc7 35. Bb2 Rhc8 36. Ne2 Ra7 37. Nf4 Rd7 38. Red1 Rcd8 39. Nxd5 Rxd5 40.
Rxd5 Rxd5 41. Rxd5 exd5 42. Kc1 Ke6 43. Kd2 f5 44. Bd4 Bd8 45. Ke3 Bg5+ 46. Kd3
Bd8 47. c3 bxc3 48. Bxc3 Kd6 49. a3 Bb6 50. b4 axb4 51. axb4 Bc7 52. Bd4 Kc6
53. h3 Bd8 54. Kc3 Bc7 55. Kb3 Kb5 56. Bc3 Bd6 57. Bd2 Be7 58. Bc3 Bd6 59. Bd2
Be7 60. Bc3 Bd6 61. Bd2 Be7 62. Bc3 Bd6 1/2-1/2

[Event "GBR-ch107 U10"]
[Site "Milton Keynes"]
[Date "2021.10.03"]
[Round "5.6"]
[White "Grose, Kameron"]
[Black "Liu, Jacob"]
[Result "1-0"]
[WhiteElo "1724"]
[BlackElo "1355"]
[PlyCount "83"]
[EventDate "2021.10.02"]
[EventType "swiss"]
[EventRounds "7"]
[EventCountry "GBR"]
[SourceTitle "BritBase"]
[Source "John Saunders"]
[SourceDate "2021.06.05"]
[SourceVersion "1"]
[SourceVersionDate "2021.06.05"]
[SourceQuality "1"]

1. e4 e6 2. d4 d5 3. exd5 exd5 4. Bd3 Bd6 5. Nf3 Ne7 6. O-O O-O 7. Bg5 f6 8.
Bh4 Bf5 9. Re1 Bxd3 10. Qxd3 c6 11. c3 Nd7 12. Nbd2 Qc7 13. Bg3 Bxg3 14. hxg3
Nc8 15. Re2 Nd6 16. Rae1 Rae8 17. Nf1 Rxe2 18. Rxe2 Re8 19. Re3 Qd8 20. Nh4 Nf8
21. Nf5 Nxf5 22. Qxf5 Rxe3 23. Nxe3 g6 24. Qf3 f5 25. g4 fxg4 26. Nxg4 Nd7 27.
Qe3 Nf8 28. Qe5 Qh4 29. Nf6+ Kf7 30. Qe8+ Kxf6 31. Qd8+ Kg7 32. Qxh4 g5 33.
Qxg5+ Ng6 34. f4 h6 35. Qg3 Kh7 36. f5 Nf8 37. f6 Ng6 38. Qc7+ Ne7 39. Qxe7+
Kg6 40. Qg7+ Kh5 41. Kh2 b5 42. Kh3 1-0

[Event "GBR-ch107 U10"]
[Site "Milton Keynes"]
[Date "2021.10.03"]
[Round "5.8"]
[White "Marsden, Rupert"]
[Black "Das, Rishabh"]
[Result "1/2-1/2"]
[WhiteElo "1352"]
[BlackElo "1370"]
[PlyCount "47"]
[EventDate "2021.10.02"]
[EventType "swiss"]
[EventRounds "7"]
[EventCountry "GBR"]
[SourceTitle "BritBase"]
[Source "John Saunders"]
[SourceDate "2021.06.05"]
[SourceVersion "1"]
[SourceVersionDate "2021.06.05"]
[SourceQuality "1"]

1. d4 d5 2. Bf4 Bf5 3. e3 e6 4. Nf3 Nf6 5. Nbd2 Bd6 6. Bg3 O-O 7. c3 a6 8. Ne5
Nbd7 9. Ndf3 c5 10. Nxd7 Qxd7 11. dxc5 Bxc5 12. Bd3 Bxd3 13. Qxd3 Bd6 14. Bxd6
Qxd6 15. O-O Rad8 16. Rad1 Rfe8 17. c4 Qb6 18. b3 Qa5 19. cxd5 exd5 20. Qd2 Qb6
21. Qd4 Qe6 22. Rfe1 Qf5 23. h3 Re6 24. Nh4 1/2-1/2

[Event "GBR-ch107 U10"]
[Site "Milton Keynes"]
[Date "2021.10.03"]
[Round "5.9"]
[White "Gushchin, Arseniy"]
[Black "Catabay, Rezin C"]
[Result "0-1"]
[WhiteElo "1278"]
[BlackElo "1353"]
[PlyCount "80"]
[EventDate "2021.10.02"]
[EventType "swiss"]
[EventRounds "7"]
[EventCountry "GBR"]
[SourceTitle "BritBase"]
[Source "John Saunders"]
[SourceDate "2021.06.05"]
[SourceVersion "1"]
[SourceVersionDate "2021.06.05"]
[SourceQuality "1"]

1. e4 e5 2. Nf3 Nc6 3. Bc4 Bc5 4. d3 d6 5. Nc3 Na5 6. Bb3 Nxb3 7. axb3 Nf6 8.
Bg5 c6 9. h3 O-O 10. O-O Re8 11. Kh1 d5 12. exd5 cxd5 13. Bxf6 gxf6 14. Qd2 Kh8
15. Ra4 Rg8 16. Rh4 Bf5 17. Na4 Be7 18. Nh2 d4 19. f4 b5 20. fxe5 fxe5 21. Rxf5
Bxh4 22. Rxf7 Bg5 23. Qe2 Bf4 24. Nc5 Qd6 25. Qe4 Qg6 26. Qxg6 Rxg6 27. Ng4 Rc8
28. Ne6 Rxe6 29. Nf6 Rxf6 30. Rxf6 Rxc2 31. Kg1 Rxb2 32. Ra6 Rxb3 33. Rxa7 Rxd3
34. Rb7 Bg3 35. Kf1 Re3 36. Rb8+ Kg7 37. Rb7+ Kg6 38. Rb6+ Kf5 39. Rf6+ Kxf6
40. Kg1 Re1# 0-1

[Event "GBR-ch107 U10"]
[Site "Milton Keynes"]
[Date "2021.10.03"]
[Round "5.10"]
[White "Wang, Luoke"]
[Black "Pitts, Daniel"]
[Result "1-0"]
[WhiteElo "910"]
[BlackElo "1338"]
[PlyCount "105"]
[EventDate "2021.10.02"]
[EventType "swiss"]
[EventRounds "7"]
[EventCountry "GBR"]
[SourceTitle "BritBase"]
[Source "John Saunders"]
[SourceDate "2021.06.05"]
[SourceVersion "1"]
[SourceVersionDate "2021.06.05"]
[SourceQuality "1"]

1. d4 d5 2. c4 e6 3. Nf3 c5 4. cxd5 exd5 5. g3 Nf6 6. Bg2 Nc6 7. O-O Bg4 8.
dxc5 Bxc5 9. h3 Bh5 10. Bg5 Qd7 11. Bxf6 gxf6 12. Nc3 O-O-O 13. Rc1 Bxf3 14.
Bxf3 Qxh3 15. e3 Rhg8 16. Ne2 Bb6 17. Bg2 Qg4 18. Nf4 Qxd1 19. Rfxd1 Kb8 20.
Nxd5 Rg6 21. b4 f5 22. b5 Rgd6 23. bxc6 bxc6 24. Nc3 Rxd1+ 25. Rxd1 Rg8 26. Na4
Ba5 27. Bxc6 Kc7 28. Bg2 h5 29. Rc1+ Kd7 30. Rc5 Bb4 31. Rxf5 Ke6 32. Bh3 Ke7
33. Rxh5 Rg6 34. Rb5 Ba3 35. Rb7+ Kf8 36. Rxa7 Rh6 37. Kg2 Rc6 38. Ra8+ Kg7 39.
Rc8 Ra6 40. Nc5 Rb6 41. Nb3 Rd6 42. f4 Rd3 43. Kf3 Rd1 44. g4 Rh1 45. Bg2 Rh2
46. g5 Bb4 47. Nd4 Ba3 48. Kg3 Rh7 49. Nf5+ Kg6 50. Be4 Kh5 51. Nh4 f5 52. Bxf5
Rh6 53. Bg4# 1-0

[Event "GBR-ch107 U10"]
[Site "Milton Keynes"]
[Date "2021.10.03"]
[Round "5.11"]
[White "Yu, Rock"]
[Black "Shi, Shaoquan"]
[Result "1-0"]
[WhiteElo "1428"]
[BlackElo "1050"]
[PlyCount "47"]
[EventDate "2021.10.02"]
[EventType "swiss"]
[EventRounds "7"]
[EventCountry "GBR"]
[SourceTitle "BritBase"]
[Source "John Saunders"]
[SourceDate "2021.06.05"]
[SourceVersion "1"]
[SourceVersionDate "2021.06.05"]
[SourceQuality "1"]

1. c4 Nf6 2. Nc3 g6 3. e4 d6 4. g3 Bg7 5. Bg2 O-O 6. Nge2 Nbd7 7. O-O e5 8. d3
a5 9. f4 Re8 10. h3 h5 11. f5 Nc5 12. Be3 Nfd7 13. Qd2 Kh7 14. Bg5 Nf6 15. Nd5
Ncd7 16. Rf2 c6 17. Nxf6+ Bxf6 18. Bxf6 Nxf6 19. fxg6+ fxg6 20. Raf1 Ng8 21.
Rf7+ Kh8 22. R1f6 Re6 23. Rf8 Qxf6 24. Qh6# 1-0